000 01093nam a22003257a 4500
003 CHAP
005 20220329143352.0
008 090102s2007 ii r 00010 eng d
010 _a95603
011 _a96575
020 _a1842651692
035 _a107229
040 _cCHAP
082 0 4 _a515.7242
_bD88
100 1 _aDukkipati, Rao V.
_934440
245 1 0 _aVibrations :
_bproblem solving companion
_c/por Rao V. Dukkipati and J. Srinivas
260 _aIndia :
_bAlfa Science,
_cc2007
300 _ax, 535 p.
590 _aBATCH-UPD
_b10
_c20130110
_lUCH01
_h0522
590 _aBATCH-UPD
_b10
_c20130410
_lUCH01
_h0201
590 _aBATCH-UPD
_b10
_c20130914
_lUCH01
_h1234
590 _aCONVERSION
_b10
_c20130109
_lUCH01
_h1353
650 0 4 _aEcuaciones de Euler
_xLagrange.
_935305
650 0 4 _aVibración.
_9119045
700 1 _aSrinivas, J.
_9109337
901 _aBK
942 _cLIBRO
949 _a515.7242 D88
_bBC
_cLIBRO
_d33724002076926
_eLIBRO
_gI.c/e
_h110285
_i107229
_sb
_t$1,312.00
949 _a515.7242 D88
_bBC
_cLIBRO
_d33724002076967
_eLIBRO
_fc.2
_gI.c/e
_h110286
_i107229
_sb
_t$1,312.00
999 _c95603
_d95603